German Anatomy vocab. - Statistics

General Stats
  • This quiz has been taken 78 times
    69 since last reset
  • The average score is 21 of 77
Answer Stats
Hint article Answer % Correct
arm der Arm
85%
foot der Fuss
67%
eye das Auge
64%
blood das Blut
64%
finger der Finger
64%
hand die Hand
64%
head der Kopf
64%
ear das Ohr
61%
belly der Bauch
55%
body der Körper
52%
back der Rücken
52%
leg das Bein
48%
nose die Nase
48%
breast die Brust
45%
chest die Brust
45%
mouth der Mund
45%
beard der Bart
42%
flesh das Fleisch
42%
face das Gesicht
39%
heart das Herz
39%
arse der Arsch
36%
hair das Har
36%
breath der Atem
33%
brain das Gehirn
33%
neck der Hals
33%
throat (internal) der Hals
33%
knee das Knie
33%
bone der Knochen
33%
tooth die Zahn
33%
fever das Fieber
30%
pain der Schmerz
30%
shoulder die Schulter
30%
skin die Haut
27%
headache die Kopfschmerzen
27%
lip die Lippe
27%
tit die Titte
27%
chin das Kinn
24%
bladder die Blas
21%
cold die Erkältung
21%
cough der Husten
21%
forehead die Stirn
21%
cheek die Wange
21%
eyebrow die Augenbraue
18%
eyelid das Augenlid
18%
elbow der Ellbogen
18%
heel die Ferse
18%
hip die Hüfte
18%
lung die Lunge
18%
muscle der Muskel
15%
nail der Nagel
15%
cock/dick der Schwanz
15%
thumb die Daumen
12%
butt der Hintern
12%
ankle der Knöchel
12%
stomach der Magen
12%
rib die Rippe
12%
tear die Träne
12%
cunt die Fotze
9%
penis das Glied
9%
liver die Leber
9%
nerve der Nerv
9%
kidney die Niere
9%
calf die Wade
9%
wound die Wunde
9%
intestines die Eingeweide
6%
wrist das Handgelenk
6%
jaw der Kiefer
6%
moustache der Schnurrbart
6%
toothache der Zahnschmerzen
6%
toe der Zehe
6%
spine die Rückgrat
3%
thigh der Schenkel
3%
gums das Zahnfleisch
3%
tongue die Zunge
3%
sole die Fußsohle
0%
vagina die Scheide
0%
artery die Schlagader
0%
No matching quizzes found
Score Distribution
Percent of People with Each Score
Percentile by Number Answered
Your Score History
You have not taken this quiz since the last reset